| 000 | 00359cam a2200145Ma 4500 | ||
|---|---|---|---|
| 020 | _a0813822807 | ||
| 020 | _a9780813822808 | ||
| 040 | _cAU@ | ||
| 082 | _a631 FRE 1966 A053 Or. | ||
| 245 | 1 | 0 |
_aPlant breeding : _ba symposium held at Iowa State University / |
| 300 | _a430 pages. | ||
| 650 | 0 | _aPlant breeding. | |
| 700 | 1 | _aFrey, Kenneth J. | |
| 942 | _cEK | ||
| 999 |
_c14877 _d14877 |
||